000 00345nam a22001337a 4500
008 171030b xxu||||| |||| 00| 0 eng d
020 _a0135972612
041 _aeng
080 _a338.5
100 _a57
101 _aQMI
245 _aMODERN THEORY PORTOFILIO THEORY THE C APITAL ASSEST PRINCING MODEL
_cDIANA.R.H
942 _2udc
_cBK
999 _c36467
_d36467